000 00324nam a2200121Ia 4500
008 220204s9999 xx 000 0 und d
082 _a574.9
_bTIV
100 _aTIVY, Joy
245 0 _aBiogeography: A study of plants in the ecosphere.
260 _aEdinburgh
_bOliver and Boyd
_c1971
650 _aBiogeography
942 _cBK
999 _c27332
_d27332